<?xml version="1.0" encoding="UTF-8"?>
<record
    xmlns:xsi="http://www.w3.org/2001/XMLSchema-instance"
    xsi:schemaLocation="http://www.loc.gov/MARC21/slim http://www.loc.gov/standards/marcxml/schema/MARC21slim.xsd"
    xmlns="http://www.loc.gov/MARC21/slim">

  <leader>01615cam a22003371ia4500</leader>
  <controlfield tag="003">SA-RiAUC</controlfield>
  <controlfield tag="005">20250128151102.0</controlfield>
  <controlfield tag="008">241007s2019    le     g      000 0 ara c</controlfield>
  <datafield tag="020" ind1=" " ind2=" ">
    <subfield code="a">9786030270163</subfield>
  </datafield>
  <datafield tag="020" ind1=" " ind2=" ">
    <subfield code="a">9786030270170</subfield>
  </datafield>
  <datafield tag="040" ind1=" " ind2=" ">
    <subfield code="a">SA-RiKSU</subfield>
    <subfield code="b">ara</subfield>
    <subfield code="c">SA-RiAUC</subfield>
    <subfield code="e">rda</subfield>
  </datafield>
  <datafield tag="082" ind1="0" ind2="4">
    <subfield code="a">237.3</subfield>
    <subfield code="q">SA-RiAUC</subfield>
  </datafield>
  <datafield tag="090" ind1=" " ind2=" ">
    <subfield code="a">237.3</subfield>
    <subfield code="b">&#x627; &#x628; &#x646; &#x628;</subfield>
  </datafield>
  <datafield tag="100" ind1="1" ind2=" ">
    <subfield code="a">&#x627;&#x628;&#x646; &#x628;&#x627;&#x632;&#x60C; &#x639;&#x628;&#x62F; &#x627;&#x644;&#x639;&#x632;&#x64A;&#x632; &#x628;&#x646; &#x639;&#x628;&#x62F; &#x627;&#x644;&#x644;&#x647; &#x628;&#x646; &#x639;&#x628;&#x62F; &#x627;&#x644;&#x631;&#x62D;&#x645;&#x646;&#x60C;</subfield>
    <subfield code="d">1332-1420 &#x647;&#x62C;&#x631;&#x64A;</subfield>
    <subfield code="e">&#x645;&#x624;&#x644;&#x641;.</subfield>
  </datafield>
  <datafield tag="245" ind1="1" ind2="0">
    <subfield code="a">&#x634;&#x631;&#x62D; &#x631;&#x64A;&#x627;&#x636; &#x627;&#x644;&#x635;&#x627;&#x644;&#x62D;&#x64A;&#x646; &#x645;&#x646; &#x643;&#x644;&#x627;&#x645; &#x633;&#x64A;&#x62F; &#x627;&#x644;&#x645;&#x631;&#x633;&#x644;&#x64A;&#x646; /</subfield>
    <subfield code="c">&#x639;&#x628;&#x62F; &#x627;&#x644;&#x639;&#x632;&#x64A;&#x632; &#x628;&#x646; &#x639;&#x628;&#x62F; &#x627;&#x644;&#x644;&#x647; &#x628;&#x646; &#x628;&#x627;&#x632; &#x61B; &#x62A;&#x62D;&#x642;&#x64A;&#x642; &#x635;&#x644;&#x627;&#x62D; &#x627;&#x644;&#x62F;&#x64A;&#x646; &#x628;&#x646; &#x639;&#x62B;&#x645;&#x627;&#x646; &#x623;&#x62D;&#x645;&#x62F;&#x60C; &#x645;&#x62D;&#x645;&#x62F; &#x628;&#x646; &#x62D;&#x633;&#x646; &#x628;&#x646; &#x639;&#x628;&#x62F; &#x627;&#x644;&#x631;&#x62D;&#x645;&#x646; &#x622;&#x644; &#x627;&#x644;&#x634;&#x64A;&#x62E;.</subfield>
  </datafield>
  <datafield tag="250" ind1=" " ind2=" ">
    <subfield code="a">&#x627;&#x644;&#x637;&#x628;&#x639;&#x629; &#x627;&#x644;&#x623;&#x648;&#x644;&#x649;.</subfield>
  </datafield>
  <datafield tag="264" ind1=" " ind2="1">
    <subfield code="a">&#x628;&#x64A;&#x631;&#x648;&#x62A; :</subfield>
    <subfield code="b">&#x62F;&#x627;&#x631; &#x642;&#x631;&#x637;&#x628;&#x629; &#x644;&#x644;&#x637;&#x628;&#x627;&#x639;&#x629; &#x648;&#x627;&#x644;&#x646;&#x634;&#x631; &#x648;&#x627;&#x644;&#x62A;&#x648;&#x632;&#x64A;&#x639;&#x60C;</subfield>
    <subfield code="c">2019</subfield>
  </datafield>
  <datafield tag="300" ind1=" " ind2=" ">
    <subfield code="a">4 &#x645;&#x62C;&#x644;&#x62F; &#x61B;</subfield>
    <subfield code="c">24 &#x633;&#x645;</subfield>
  </datafield>
  <datafield tag="336" ind1=" " ind2=" ">
    <subfield code="a">&#x646;&#x635;</subfield>
    <subfield code="b">txt</subfield>
    <subfield code="2">rdacontent</subfield>
    <subfield code="3">&#x643;&#x62A;&#x627;&#x628;</subfield>
  </datafield>
  <datafield tag="337" ind1=" " ind2=" ">
    <subfield code="a">&#x628;&#x62F;&#x648;&#x646; &#x648;&#x633;&#x64A;&#x637;</subfield>
    <subfield code="b">n</subfield>
    <subfield code="2">rdamedia</subfield>
  </datafield>
  <datafield tag="338" ind1=" " ind2=" ">
    <subfield code="a">&#x645;&#x62C;&#x644;&#x62F;</subfield>
    <subfield code="b">nc</subfield>
    <subfield code="2">rdacarrier</subfield>
  </datafield>
  <datafield tag="650" ind1=" " ind2="7">
    <subfield code="a">&#x627;&#x644;&#x62D;&#x62F;&#x64A;&#x62B;</subfield>
    <subfield code="x">&#x634;&#x631;&#x62D;</subfield>
    <subfield code="2">aucsh</subfield>
  </datafield>
  <datafield tag="650" ind1=" " ind2="7">
    <subfield code="a">&#x627;&#x644;&#x62D;&#x62F;&#x64A;&#x62B;</subfield>
    <subfield code="x">&#x62C;&#x648;&#x627;&#x645;&#x639; &#x627;&#x644;&#x641;&#x646;&#x648;&#x646;</subfield>
    <subfield code="2">aucsh</subfield>
  </datafield>
  <datafield tag="650" ind1=" " ind2="7">
    <subfield code="a">&#x627;&#x644;&#x62D;&#x62F;&#x64A;&#x62B;</subfield>
    <subfield code="x">&#x627;&#x644;&#x645;&#x633;&#x627;&#x646;&#x64A;&#x62F;</subfield>
    <subfield code="2">aucsh</subfield>
  </datafield>
  <datafield tag="700" ind1="1" ind2=" ">
    <subfield code="a">&#x623;&#x62D;&#x645;&#x62F;&#x60C; &#x635;&#x644;&#x627;&#x62D; &#x627;&#x644;&#x62F;&#x64A;&#x646; &#x628;&#x646; &#x639;&#x62B;&#x645;&#x627;&#x646;</subfield>
    <subfield code="e">&#x645;&#x62D;&#x642;&#x642;.</subfield>
  </datafield>
  <datafield tag="700" ind1="1" ind2=" ">
    <subfield code="a">&#x622;&#x644; &#x627;&#x644;&#x634;&#x64A;&#x62E;&#x60C; &#x645;&#x62D;&#x645;&#x62F; &#x628;&#x646; &#x62D;&#x633;&#x646; &#x628;&#x646; &#x639;&#x628;&#x62F; &#x627;&#x644;&#x631;&#x62D;&#x645;&#x646;</subfield>
    <subfield code="e">&#x645;&#x62D;&#x642;&#x642;.</subfield>
  </datafield>
  <datafield tag="700" ind1="1" ind2="2">
    <subfield code="a">&#x627;&#x644;&#x646;&#x648;&#x648;&#x64A;&#x60C; &#x64A;&#x62D;&#x64A;&#x649; &#x628;&#x646; &#x634;&#x631;&#x641; &#x628;&#x646; &#x645;&#x631;&#x64A;&#x60C;</subfield>
    <subfield code="d">631-676 &#x647;&#x62C;&#x631;&#x64A;</subfield>
  </datafield>
  <datafield tag="740" ind1="0" ind2="2">
    <subfield code="a">&#x631;&#x64A;&#x627;&#x636; &#x627;&#x644;&#x635;&#x627;&#x644;&#x62D;&#x64A;&#x646; &#x645;&#x646; &#x643;&#x644;&#x627;&#x645; &#x633;&#x64A;&#x62F; &#x627;&#x644;&#x645;&#x631;&#x633;&#x644;&#x64A;&#x646;.</subfield>
  </datafield>
  <datafield tag="942" ind1=" " ind2=" ">
    <subfield code="2">ddc</subfield>
    <subfield code="c">BOOK</subfield>
    <subfield code="n">0</subfield>
  </datafield>
  <datafield tag="949" ind1=" " ind2=" ">
    <subfield code="a">SA-JeALM</subfield>
    <subfield code="d">241007</subfield>
    <subfield code="u">mohamedma123</subfield>
    <subfield code="n">1</subfield>
  </datafield>
  <datafield tag="952" ind1=" " ind2=" ">
    <subfield code="0">0</subfield>
    <subfield code="1">0</subfield>
    <subfield code="2">ddc</subfield>
    <subfield code="3">&#x627;&#x644;&#x645;&#x62C;&#x644;&#x62F; &#x627;&#x644;&#x627;&#x648;&#x644;</subfield>
    <subfield code="4">0</subfield>
    <subfield code="7">0</subfield>
    <subfield code="a">WAHAB</subfield>
    <subfield code="b">WAHAB</subfield>
    <subfield code="d">2024-10-08</subfield>
    <subfield code="l">0</subfield>
    <subfield code="o">237.3 &#x627; &#x628; &#x646; &#x628;</subfield>
    <subfield code="p">000001412</subfield>
    <subfield code="r">2024-10-08 06:11:29</subfield>
    <subfield code="w">2024-10-08</subfield>
    <subfield code="y">BOOK</subfield>
  </datafield>
  <datafield tag="952" ind1=" " ind2=" ">
    <subfield code="0">0</subfield>
    <subfield code="1">0</subfield>
    <subfield code="2">ddc</subfield>
    <subfield code="3">&#x627;&#x644;&#x645;&#x62C;&#x644;&#x62F; &#x627;&#x644;&#x62B;&#x627;&#x646;&#x64A;</subfield>
    <subfield code="4">0</subfield>
    <subfield code="7">0</subfield>
    <subfield code="a">WAHAB</subfield>
    <subfield code="b">WAHAB</subfield>
    <subfield code="d">2024-10-08</subfield>
    <subfield code="l">0</subfield>
    <subfield code="o">237.3 &#x627; &#x628; &#x646; &#x628;</subfield>
    <subfield code="p">000001413</subfield>
    <subfield code="r">2024-10-08 06:11:29</subfield>
    <subfield code="w">2024-10-08</subfield>
    <subfield code="y">BOOK</subfield>
  </datafield>
  <datafield tag="952" ind1=" " ind2=" ">
    <subfield code="0">0</subfield>
    <subfield code="1">0</subfield>
    <subfield code="2">ddc</subfield>
    <subfield code="3">&#x627;&#x644;&#x645;&#x62C;&#x644;&#x62F; &#x627;&#x644;&#x62B;&#x627;&#x644;&#x62B;</subfield>
    <subfield code="4">0</subfield>
    <subfield code="7">0</subfield>
    <subfield code="a">WAHAB</subfield>
    <subfield code="b">WAHAB</subfield>
    <subfield code="d">2024-10-08</subfield>
    <subfield code="l">0</subfield>
    <subfield code="o">237.3 &#x627; &#x628; &#x646; &#x628;</subfield>
    <subfield code="p">000001414</subfield>
    <subfield code="r">2024-10-08 06:11:29</subfield>
    <subfield code="w">2024-10-08</subfield>
    <subfield code="y">BOOK</subfield>
  </datafield>
  <datafield tag="952" ind1=" " ind2=" ">
    <subfield code="0">0</subfield>
    <subfield code="1">0</subfield>
    <subfield code="2">ddc</subfield>
    <subfield code="3">&#x627;&#x644;&#x645;&#x62C;&#x644;&#x62F; &#x627;&#x644;&#x631;&#x627;&#x628;&#x639;</subfield>
    <subfield code="4">0</subfield>
    <subfield code="7">0</subfield>
    <subfield code="a">WAHAB</subfield>
    <subfield code="b">WAHAB</subfield>
    <subfield code="d">2024-10-08</subfield>
    <subfield code="l">0</subfield>
    <subfield code="o">237.3 &#x627; &#x628; &#x646; &#x628;</subfield>
    <subfield code="p">000001415</subfield>
    <subfield code="r">2024-10-08 06:11:29</subfield>
    <subfield code="w">2024-10-08</subfield>
    <subfield code="y">BOOK</subfield>
  </datafield>
  <datafield tag="952" ind1=" " ind2=" ">
    <subfield code="0">0</subfield>
    <subfield code="1">0</subfield>
    <subfield code="2">ddc</subfield>
    <subfield code="3">&#x627;&#x644;&#x645;&#x62C;&#x644;&#x62F; &#x627;&#x644;&#x627;&#x648;&#x644;</subfield>
    <subfield code="4">0</subfield>
    <subfield code="7">0</subfield>
    <subfield code="a">WAHAB</subfield>
    <subfield code="b">WAHAB</subfield>
    <subfield code="d">2024-10-08</subfield>
    <subfield code="l">0</subfield>
    <subfield code="o">237.3 &#x627; &#x628; &#x646; &#x628;</subfield>
    <subfield code="p">000001416</subfield>
    <subfield code="r">2024-10-08 06:11:29</subfield>
    <subfield code="w">2024-10-08</subfield>
    <subfield code="y">BOOK</subfield>
  </datafield>
  <datafield tag="952" ind1=" " ind2=" ">
    <subfield code="0">0</subfield>
    <subfield code="1">0</subfield>
    <subfield code="2">ddc</subfield>
    <subfield code="3">&#x627;&#x644;&#x645;&#x62C;&#x644;&#x62F; &#x627;&#x644;&#x62B;&#x627;&#x646;&#x64A;</subfield>
    <subfield code="4">0</subfield>
    <subfield code="7">0</subfield>
    <subfield code="a">WAHAB</subfield>
    <subfield code="b">WAHAB</subfield>
    <subfield code="d">2024-10-08</subfield>
    <subfield code="l">0</subfield>
    <subfield code="o">237.3 &#x627; &#x628; &#x646; &#x628;</subfield>
    <subfield code="p">000001417</subfield>
    <subfield code="r">2024-10-08 06:11:29</subfield>
    <subfield code="w">2024-10-08</subfield>
    <subfield code="y">BOOK</subfield>
  </datafield>
  <datafield tag="952" ind1=" " ind2=" ">
    <subfield code="0">0</subfield>
    <subfield code="1">0</subfield>
    <subfield code="2">ddc</subfield>
    <subfield code="3">&#x627;&#x644;&#x645;&#x62C;&#x644;&#x62F; &#x627;&#x644;&#x62B;&#x627;&#x644;&#x62B;</subfield>
    <subfield code="4">0</subfield>
    <subfield code="7">0</subfield>
    <subfield code="a">WAHAB</subfield>
    <subfield code="b">WAHAB</subfield>
    <subfield code="d">2024-10-08</subfield>
    <subfield code="l">0</subfield>
    <subfield code="o">237.3 &#x627; &#x628; &#x646; &#x628;</subfield>
    <subfield code="p">000001418</subfield>
    <subfield code="r">2024-10-08 06:11:29</subfield>
    <subfield code="w">2024-10-08</subfield>
    <subfield code="y">BOOK</subfield>
  </datafield>
  <datafield tag="952" ind1=" " ind2=" ">
    <subfield code="0">0</subfield>
    <subfield code="1">0</subfield>
    <subfield code="2">ddc</subfield>
    <subfield code="3">&#x627;&#x644;&#x645;&#x62C;&#x644;&#x62F; &#x627;&#x644;&#x631;&#x627;&#x628;&#x639;</subfield>
    <subfield code="4">0</subfield>
    <subfield code="7">0</subfield>
    <subfield code="a">WAHAB</subfield>
    <subfield code="b">WAHAB</subfield>
    <subfield code="d">2024-10-08</subfield>
    <subfield code="l">0</subfield>
    <subfield code="o">237.3 &#x627; &#x628; &#x646; &#x628;</subfield>
    <subfield code="p">000001419</subfield>
    <subfield code="r">2024-10-08 06:11:29</subfield>
    <subfield code="w">2024-10-08</subfield>
    <subfield code="y">BOOK</subfield>
  </datafield>
  <datafield tag="952" ind1=" " ind2=" ">
    <subfield code="0">0</subfield>
    <subfield code="1">0</subfield>
    <subfield code="2">ddc</subfield>
    <subfield code="3">&#x627;&#x644;&#x645;&#x62C;&#x644;&#x62F; &#x627;&#x644;&#x627;&#x648;&#x644;</subfield>
    <subfield code="4">0</subfield>
    <subfield code="7">0</subfield>
    <subfield code="a">WAHAB</subfield>
    <subfield code="b">WAHAB</subfield>
    <subfield code="d">2025-01-28</subfield>
    <subfield code="l">0</subfield>
    <subfield code="o">237.3 &#x627; &#x628; &#x646; &#x628;</subfield>
    <subfield code="p">000008611</subfield>
    <subfield code="r">2025-01-28 15:12:34</subfield>
    <subfield code="w">2025-01-28</subfield>
    <subfield code="y">BOOK</subfield>
  </datafield>
  <datafield tag="952" ind1=" " ind2=" ">
    <subfield code="0">0</subfield>
    <subfield code="1">0</subfield>
    <subfield code="2">ddc</subfield>
    <subfield code="3">&#x627;&#x644;&#x645;&#x62C;&#x644;&#x62F; &#x627;&#x644;&#x62B;&#x627;&#x646;&#x64A;</subfield>
    <subfield code="4">0</subfield>
    <subfield code="7">0</subfield>
    <subfield code="a">WAHAB</subfield>
    <subfield code="b">WAHAB</subfield>
    <subfield code="d">2025-01-28</subfield>
    <subfield code="l">0</subfield>
    <subfield code="o">237.3 &#x627; &#x628; &#x646; &#x628;</subfield>
    <subfield code="p">000008612</subfield>
    <subfield code="r">2025-01-28 15:12:34</subfield>
    <subfield code="w">2025-01-28</subfield>
    <subfield code="y">BOOK</subfield>
  </datafield>
  <datafield tag="952" ind1=" " ind2=" ">
    <subfield code="0">0</subfield>
    <subfield code="1">0</subfield>
    <subfield code="2">ddc</subfield>
    <subfield code="3">&#x627;&#x644;&#x645;&#x62C;&#x644;&#x62F; &#x627;&#x644;&#x62B;&#x627;&#x644;&#x62B;</subfield>
    <subfield code="4">0</subfield>
    <subfield code="7">0</subfield>
    <subfield code="a">WAHAB</subfield>
    <subfield code="b">WAHAB</subfield>
    <subfield code="d">2025-01-28</subfield>
    <subfield code="l">0</subfield>
    <subfield code="o">237.3 &#x627; &#x628; &#x646; &#x628;</subfield>
    <subfield code="p">000008613</subfield>
    <subfield code="r">2025-01-28 15:12:34</subfield>
    <subfield code="w">2025-01-28</subfield>
    <subfield code="y">BOOK</subfield>
  </datafield>
  <datafield tag="952" ind1=" " ind2=" ">
    <subfield code="0">0</subfield>
    <subfield code="1">0</subfield>
    <subfield code="2">ddc</subfield>
    <subfield code="3">&#x627;&#x644;&#x645;&#x62C;&#x644;&#x62F; &#x627;&#x644;&#x631;&#x627;&#x628;&#x639;</subfield>
    <subfield code="4">0</subfield>
    <subfield code="7">0</subfield>
    <subfield code="a">WAHAB</subfield>
    <subfield code="b">WAHAB</subfield>
    <subfield code="d">2025-01-28</subfield>
    <subfield code="l">0</subfield>
    <subfield code="o">237.3 &#x627; &#x628; &#x646; &#x628;</subfield>
    <subfield code="p">000008614</subfield>
    <subfield code="r">2025-01-28 15:12:34</subfield>
    <subfield code="w">2025-01-28</subfield>
    <subfield code="y">BOOK</subfield>
  </datafield>
  <datafield tag="952" ind1=" " ind2=" ">
    <subfield code="0">0</subfield>
    <subfield code="1">0</subfield>
    <subfield code="2">ddc</subfield>
    <subfield code="3">&#x627;&#x644;&#x645;&#x62C;&#x644;&#x62F; &#x627;&#x644;&#x627;&#x648;&#x644; </subfield>
    <subfield code="4">0</subfield>
    <subfield code="7">0</subfield>
    <subfield code="a">WAHAB</subfield>
    <subfield code="b">WAHAB</subfield>
    <subfield code="d">2025-08-12</subfield>
    <subfield code="l">0</subfield>
    <subfield code="o">237.3 &#x627; &#x628; &#x646; &#x628;</subfield>
    <subfield code="p">000017457</subfield>
    <subfield code="r">2025-08-12 03:49:09</subfield>
    <subfield code="w">2025-08-12</subfield>
    <subfield code="y">BOOK</subfield>
  </datafield>
  <datafield tag="952" ind1=" " ind2=" ">
    <subfield code="0">0</subfield>
    <subfield code="1">0</subfield>
    <subfield code="2">ddc</subfield>
    <subfield code="3">&#x627;&#x644;&#x645;&#x62C;&#x644;&#x62F; &#x627;&#x644;&#x62B;&#x627;&#x646;&#x64A; </subfield>
    <subfield code="4">0</subfield>
    <subfield code="7">0</subfield>
    <subfield code="a">WAHAB</subfield>
    <subfield code="b">WAHAB</subfield>
    <subfield code="d">2025-08-12</subfield>
    <subfield code="l">0</subfield>
    <subfield code="o">237.3 &#x627; &#x628; &#x646; &#x628;</subfield>
    <subfield code="p">000017458</subfield>
    <subfield code="r">2025-08-12 03:49:09</subfield>
    <subfield code="w">2025-08-12</subfield>
    <subfield code="y">BOOK</subfield>
  </datafield>
  <datafield tag="952" ind1=" " ind2=" ">
    <subfield code="0">0</subfield>
    <subfield code="1">0</subfield>
    <subfield code="2">ddc</subfield>
    <subfield code="3">&#x627;&#x644;&#x645;&#x62C;&#x644;&#x62F; &#x627;&#x644;&#x62B;&#x627;&#x644;&#x62B;</subfield>
    <subfield code="4">0</subfield>
    <subfield code="7">0</subfield>
    <subfield code="a">WAHAB</subfield>
    <subfield code="b">WAHAB</subfield>
    <subfield code="d">2025-08-12</subfield>
    <subfield code="l">0</subfield>
    <subfield code="o">237.3 &#x627; &#x628; &#x646; &#x628;</subfield>
    <subfield code="p">000017459</subfield>
    <subfield code="r">2025-08-12 03:49:09</subfield>
    <subfield code="w">2025-08-12</subfield>
    <subfield code="y">BOOK</subfield>
  </datafield>
  <datafield tag="952" ind1=" " ind2=" ">
    <subfield code="0">0</subfield>
    <subfield code="1">0</subfield>
    <subfield code="2">ddc</subfield>
    <subfield code="3">&#x627;&#x644;&#x645;&#x62C;&#x644;&#x62F; &#x627;&#x644;&#x631;&#x627;&#x628;&#x639;</subfield>
    <subfield code="4">0</subfield>
    <subfield code="7">0</subfield>
    <subfield code="a">WAHAB</subfield>
    <subfield code="b">WAHAB</subfield>
    <subfield code="d">2025-08-12</subfield>
    <subfield code="l">0</subfield>
    <subfield code="o">237.3 &#x627; &#x628; &#x646; &#x628;</subfield>
    <subfield code="p">000017460</subfield>
    <subfield code="r">2025-08-12 03:49:09</subfield>
    <subfield code="w">2025-08-12</subfield>
    <subfield code="y">BOOK</subfield>
  </datafield>
  <datafield tag="999" ind1=" " ind2=" ">
    <subfield code="c">988</subfield>
    <subfield code="d">988</subfield>
  </datafield>
</record>
